000 00784cab a2200241 4500
001 ABS48686
008 090401t1993 xxu||||| |||| 00| 0 eng d
035 _a(Sirsi) u68060
041 _aeng
100 _aRowe, M.
245 _aParis offers bargains
260 _c1993
350 _a0
490 _aEuroProperty
_vMay 1993, 26-29(4)
520 _aThe recent property downturn in the commercial sector of Paris has meant that property can be found at bargain prices in the popular central part of the city.
650 _aFRANCE
650 _aPROPERTY-COMMERCIAL PROPERTY-OFFICE PROPERTY-OFFICE PROPERTY MARKET
650 _aPARIS
690 _aPROPERTY-COMMERCIAL PROPERTY-COMMERCIAL PROPERTY MARKET
690 _aOVERSEAS-EUROPE
942 _n0
948 _c04/03/1997
999 _c42663
_d42663